[Event "HUN-chop"]
[Site "Gyor"]
[Date "1990.??.??"]
[Round "4"]
[White "Reinderman, Dimitri"]
[Black "Stajcic, Nikola"]
[Result "1-0"]
[WhiteElo "2245"]
[BlackElo "2400"]

1.e4 c5 2.Nf3 e6 3.d4 cxd4 4.Nxd4 Nc6 5.Nc3 Qc7 6.Be2 a6 7.O-O Nf6 8.Kh1 d6
9.a4 Be7 10.f4 O-O 11.Nb3 b6 12.Bf3 Bb7 13.Qe2 Rac8 14.Be3 Nd7 15.f5 Bf6
16.fxe6 fxe6 17.Bg4 Rce8 18.h3 Nc5 19.Rad1 Nxb3 20.cxb3 Na5 21.Qd3 Be5 22.Rxf8+ Kxf8
23.Bd4 Nxb3 24.Bxe5 dxe5 25.Nd5 Bxd5 26.exd5 Nd4 27.Qxh7 exd5 28.Rf1+ Ke7
29.Qxg7+ Kd8 30.Qf6+ Re7 31.Qf8+ Re8 32.Qf6+ Re7 33.Qg5 Qd6 34.Rf6 Qc5 35.Rf8+ Kc7
36.Rc8+ Kd6 37.Rxc5 bxc5 38.Qf6+ Ne6 39.Bxe6 Rxe6 40.Qd8+ Kc6 41.Qc8+ Kd6
42.Qxa6+  1-0

[Event "HUN-chop"]
[Site "Gyor"]
[Date "1990.??.??"]
[Round "4"]
[White "Dobos, Jozsef"]
[Black "Kuporosov, Viktor"]
[Result "1-0"]
[WhiteElo "2300"]
[BlackElo "2300"]

1.e4 c5 2.Nf3 e6 3.d4 cxd4 4.Nxd4 Nc6 5.Nc3 Qc7 6.f4 a6 7.Nxc6 Qxc6 8.Bd3 b5
9.Qe2 Bb7 10.Bd2 Bc5 11.O-O-O Ne7 12.Qg4 b4 13.Ne2 O-O 14.Ng3 f5 15.exf5 exf5
16.Nxf5 Nxf5 17.Bxf5 Qxg2 18.Bxh7+ Kxh7 19.Qh5+ Kg8 20.Qxc5 Rac8 21.Qxb4 Qe4
22.Bc3 Qe3+ 23.Bd2 Rxc2+ 24.Kb1 Rxd2 25.Rxd2  1-0

[Event "HUN-chop"]
[Site "Gyor"]
[Date "1990.??.??"]
[Round "5"]
[White "Horvath, Zoltan"]
[Black "Vladimirov, Boris T"]
[Result "1/2-1/2"]
[WhiteElo "2335"]
[BlackElo "2435"]

1.e4 c5 2.Nf3 e6 3.d4 cxd4 4.Nxd4 Nc6 5.Nc3 Qc7 6.Be2 a6 7.O-O Nf6 8.Kh1 d6
9.f4 Bd7 10.Bf3 Rc8 11.Re1 Be7 12.Nxc6 Bxc6 13.e5 Nd7 14.exd6 Qxd6 15.Qxd6 Bxd6
16.f5 Bxf3 17.gxf3 Be5 18.fxe6 fxe6 19.Bd2 O-O 20.f4 Bxf4 21.Bxf4 Rxf4 22.Rxe6 Rb4
23.Nd5 Rxb2 24.Rd6 Rcxc2 25.Rxd7 Rxh2+ 26.Kg1 Rbg2+ 27.Kf1 Rxa2 28.Rxa2 Rxa2
29.Rxb7 h5 30.Nf4 h4 31.Nh5 h3 32.Rxg7+ Kf8 33.Kg1 a5 34.Ra7 Ke8 35.Nf4 Kd8
36.Nxh3 Kc8 37.Nf2 Kb8 38.Re7 a4 39.Kg2 a3 40.Kf3 Rb2 41.Re1 Kc7 42.Ra1 Rb3+
43.Ke4 Kb6 44.Nd3 Kb5 45.Kd4 Kc6 46.Kc4 Rb6 47.Rxa3 Kd6 48.Ra1 Ke6 49.Nc5+ Kf5
50.Rf1+ Kg4 51.Kd4 Rb8 52.Ne6 Ra8 53.Ke4 Ra4+ 54.Nd4 Kg5 55.Rb1 Kg6 56.Rb6+ Kf7
57.Ke5 Ra1 58.Rf6+ Ke7 59.Nf5+ Kd7 60.Rf7+ Kc6 61.Nd4+ Kb6 62.Rh7 Re1+ 63.Kd6 Rd1
64.Kd5 Ka6 65.Rh2 Kb6 66.Rc2 Kb7 67.Rc4 Kb6 68.Kd6 Rb1 69.Rc6+ Kb7 70.Kd7 Rh1
71.Rc4 Kb6 72.Kd6 Rb1 73.Kd7 Rh1 74.Nf5 Rh7+ 75.Kd6 Kb5 76.Rf4 Rh1 77.Kd5 Rh5  1/2-1/2

[Event "HUN-chop"]
[Site "Gyor"]
[Date "1990.??.??"]
[Round "7"]
[White "Dobos, Jozsef"]
[Black "Teske, Henrik"]
[Result "1/2-1/2"]
[WhiteElo "2300"]
[BlackElo "2365"]

1.e4 c5 2.Nf3 e6 3.d4 cxd4 4.Nxd4 Nc6 5.Nc3 Qc7 6.f4 a6 7.Nxc6 dxc6 8.a4 b6
9.Bd3 Bb7 10.Qe2 Nf6 11.e5 Nd7 12.Ne4 Nc5 13.Nxc5 Bxc5 14.Be3  1/2-1/2

[Event "HUN-chop"]
[Site "Gyor"]
[Date "1990.??.??"]
[Round "9"]
[White "Kuporosov, Viktor"]
[Black "Teske, Henrik"]
[Result "1/2-1/2"]
[WhiteElo "2300"]
[BlackElo "2365"]

1.e4 c5 2.Nf3 e6 3.d4 cxd4 4.Nxd4 Nc6 5.Nc3 Qc7 6.Be2 a6 7.O-O Nf6 8.Kh1 Nxd4
9.Qxd4 Bc5 10.Qd3 h5 11.f4 Ng4  1/2-1/2

[Event "Hamburg IMT"]
[Site "Hamburg"]
[Date "1990.??.??"]
[Round "5"]
[White "Mueller, Karsten"]
[Black "Horvath, Tamas"]
[Result "1/2-1/2"]
[WhiteElo "2380"]
[BlackElo "2415"]

1.e4 c5 2.Nf3 e6 3.d4 cxd4 4.Nxd4 Nc6 5.Nc3 Qc7 6.Be3 a6 7.Be2 Nf6 8.O-O Bb4
9.Nxc6 bxc6 10.Na4 O-O 11.Nb6 Rb8 12.Nxc8 Rfxc8 13.Bxa6 Rf8 14.Bd3 Bd6 15.h3 Be5
16.b3 d5 17.exd5 Nxd5 18.Bc5 Rfd8 19.Rc1 Nc3 20.Qf3 Nxa2 21.Rce1 g6 22.Bc4 Bg7
23.h4 Nb4 24.Bxb4 Rxb4 25.Rd1 Rbb8 26.h5 c5 27.hxg6 hxg6 28.g3 Rd4 29.Kg2 Rbd8
30.Rxd4 Bxd4 31.Rd1 Kg7 32.Qe4 Qe7 33.f4 Qf6 34.Bd3 Bc3 35.Rh1 Rd5 36.Qf3 Rd7
37.Qa8 Rd8 38.Qf3 Qd4 39.Qf2 Qd5+ 40.Qf3 Qd4 41.Qf2 Qxf2+ 42.Kxf2 f5 43.Kf3 Rd4
44.Rh2 Rd7 45.Re2 Kf6 46.Bc4 e5 47.fxe5+ Bxe5 48.g4 fxg4+ 49.Kxg4 Rd4+ 50.Kf3 g5
51.Re4  1/2-1/2

[Event "Hastings Challengers9091"]
[Site "Hastings"]
[Date "1990.??.??"]
[Round "?"]
[White "Smart, Leslie"]
[Black "Conquest, Stuart"]
[Result "0-1"]
[WhiteElo "2205"]
[BlackElo "2460"]

1.e4 c5 2.Nf3 Nc6 3.d4 cxd4 4.Nxd4 e6 5.Nc3 a6 6.Be2 Qc7 7.Be3 Nf6 8.O-O Be7
9.f4 d6 10.a4 O-O 11.Kh1 Bd7 12.Nb3 b6 13.g4 Bc8 14.g5 Nd7 15.Bd3 Bb7 16.Qe2 d5
17.f5 Bb4 18.fxe6 fxe6 19.exd5 Bxc3 20.Bxh7+ Kxh7 21.Qh5+ Kg8 22.g6 Rxf1+
23.Rxf1 Nf6 24.Qh3 Re8 25.bxc3 exd5 26.Bg5 Qd7 27.Qh4 Re4 28.Qf2 d4 29.Bxf6 Ne5
30.Kg1 Rg4+  0-1

[Event "Capablanca mem-B"]
[Site "Havana"]
[Date "1990.??.??"]
[Round "?"]
[White "Sieiro Gonzalez, Luis"]
[Black "Zapata, Alonso"]
[Result "1/2-1/2"]
[WhiteElo "2360"]
[BlackElo "2480"]

1.e4 c5 2.Nf3 e6 3.d4 cxd4 4.Nxd4 Nc6 5.Nc3 Qc7 6.Be3 Nf6 7.Bd3 a6 8.O-O Bd6
9.Nxc6 dxc6 10.f4 e5 11.f5 Qe7 12.Kh1 h6 13.Na4 b5 14.Nb6 Rb8 15.Nxc8 Rxc8
16.Qf3 Bc5 17.Be2 Rd8 18.a4 O-O 19.Qh3 Rd6 20.axb5 cxb5 21.Qh4 Re8 22.Rf3 Nh7
23.Qg4 Nf6 24.Qh4  1/2-1/2

[Event "Helsinki"]
[Site "Helsinki"]
[Date "1990.??.??"]
[Round "1"]
[White "Raaste, Eero J"]
[Black "Barlov, Dragan"]
[Result "1/2-1/2"]
[WhiteElo "2380"]
[BlackElo "2520"]

1.e4 c5 2.Nf3 e6 3.d4 cxd4 4.Nxd4 Nc6 5.Nc3 Qc7 6.g3 a6 7.Bg2 d6 8.O-O Nxd4
9.Qxd4 Ne7 10.f4 b5 11.Qf2 Nc6 12.g4 Be7 13.Be3 Rb8 14.g5 Na5 15.Ba7 Rb7
16.Bd4 O-O 17.Rae1 b4 18.Ne2 e5 19.Be3 Nc4 20.Bc1 Qb6 21.b3 Qxf2+ 22.Rxf2 Nb6
23.c4 Nd7 24.f5 f6 25.gxf6 Nxf6 26.Rff1 Bd7 27.Ng3 Bc6 28.Bf3 a5 29.Rd1 Nd7
30.Be3 Rc7 31.Rd3 Bb7 32.Rfd1 Nc5 33.Bxc5 Rxc5 34.Kg2 g6 35.fxg6 hxg6 36.Bg4 Rf6
37.Rf1 Rxf1 38.Kxf1 Kf7 39.Rf3+ Bf6 40.h4 Ke7 41.h5 gxh5 42.Bxh5 Bc8 43.Nf5+ Bxf5
44.Rxf5 Rc8 45.Bf3 Rg8 46.Rh5 Kd7 47.Rh2 Kc6 48.Rg2 Rh8 49.Rd2 Bd8 50.Rd3 Bb6
51.Bg2 Bd4 52.Rh3 Rg8 53.Rf3 Kc5 54.Rd3 a4 55.Rf3 axb3 56.axb3 Ra8 57.Rd3 Ra1+
58.Ke2 Rb1 59.Bh3 Bc3 60.Be6 Rxb3 61.Rd5+ Kc6 62.Rb5 Bd4 63.Bd5+ Kc7 64.Kd2 Bc5
65.Kc2 Rc3+ 66.Kb1 Rg3 67.Kc2 Rg2+ 68.Kb1 Re2 69.Kc1 Kd8 70.Rb7 Be3+ 71.Kb1 Bd2
72.Rb5 Ke7 73.Rb7+ Kd8 74.Rb8+ Ke7 75.Rb7+  1/2-1/2

[Event "FIN-ch"]
[Site "Helsinki"]
[Date "1990.??.??"]
[Round "7"]
[White "Lahtinen, Markku"]
[Black "Norri, Joose"]
[Result "0-1"]
[WhiteElo "2225"]
[BlackElo "2360"]

1.e4 c5 2.Nf3 Nc6 3.d4 cxd4 4.Nxd4 e6 5.Nc3 a6 6.g3 Nge7 7.Be3 d6 8.Bg2 Nxd4
9.Qxd4 b5 10.O-O-O Nc6 11.Qb6 Qxb6 12.Bxb6 Ne5 13.f4 Nc4 14.Bd4 Bb7 15.b3 Na3
16.Nb1 Nxb1 17.Kxb1 f6 18.Rd2 Be7 19.Re1 e5 20.Bb6 Kf7 21.Bf1 d5 22.Ba5 dxe4
23.fxe5 f5 24.c4 Bc6 25.Bc7 Bb4  0-1

[Event "Helsinki"]
[Site "Helsinki"]
[Date "1990.??.??"]
[Round "9"]
[White "Rantanen, Yrjo A"]
[Black "Krnic, Zdenko"]
[Result "1/2-1/2"]
[WhiteElo "2405"]
[BlackElo "2450"]

1.e4 c5 2.Nf3 Nc6 3.d4 cxd4 4.Nxd4 e6 5.Nc3 a6 6.Be2 Nge7 7.O-O Nxd4 8.Qxd4 Nc6
9.Qd3 Qc7 10.Bg5 Bd6 11.Kh1 Ne5 12.Qd2 f6 13.Be3 Nf7 14.Rad1 O-O 15.f4 b6
16.Bd3 Bb7 17.Qe2 Bc5 18.Bc1 b5 19.Rf3 f5 20.exf5 Bxf3 21.Qxf3 Nd6 22.fxe6 dxe6
23.Qh3 g6 24.Qxe6+ Qf7 25.Qxf7+ Kxf7 26.Ne4 Nxe4 27.Bxe4 Rad8 28.Bd3 Rfe8
29.Bd2 Bd4 30.Ba5 Rc8 31.b3 Bc3 32.Bxc3 Rxc3 33.g3 h5 34.Kg1 Kf6 35.Kf2 a5
36.Rd2 Rc5 37.h4 Rd5 38.Re2 Rxe2+ 39.Kxe2 b4 40.Kf3 Rd6 41.Ke3 Rd8 42.Kf3 Re8
43.Be4 Re6 44.Ke3 Ke7 45.Kd4 Kd6 46.Kd3 Kc5 47.Ke3  1/2-1/2

[Event "HUN-ch (Women)"]
[Site "?"]
[Date "1990.??.??"]
[Round "8"]
[White "Forgo, Eva"]
[Black "Sziva, Erika"]
[Result "1-0"]
[WhiteElo "2220"]
[BlackElo "2260"]

1.e4 c5 2.Nf3 e6 3.d4 cxd4 4.Nxd4 Nc6 5.Nc3 Qc7 6.Be2 a6 7.O-O Nf6 8.Kh1 Nxd4
9.Qxd4 Bc5 10.Qd3 h5 11.f4 Ng4 12.e5 d6 13.Ne4 d5 14.Nxc5 Qxc5 15.Bxg4 hxg4
16.Be3 Qe7 17.Bf2 Bd7 18.Rfe1 Bc6 19.Qg3 Rh6 20.Qxg4 O-O-O 21.Bd4 Rdh8 22.h3 Qh4
23.Qxh4 Rxh4 24.c3 Rxf4 25.Rf1 Rf5 26.g4 Rxf1+ 27.Rxf1 f5 28.gxf5 exf5 29.Rxf5 Rxh3+
30.Kg2 Rh6 31.Rf8+ Kd7 32.Rf7+ Ke6 33.Rxg7 Kf5 34.Rf7+ Ke6 35.Rf2 Bb5 36.Rf8 Bc6
37.Kf3 Rg6 38.Kf4 Bb5 39.Rh8 Rg7 40.Rh6+ Ke7 41.e6 Rg2 42.Bc5+ Kd8 43.Rh8+ Kc7
44.b4 b6 45.Rh7+ Kc6 46.e7 Kd7 47.Bxb6 Bd3 48.Rh3 Bb5 49.Bc5 Rg8 50.Rh6 Re8
51.Ke5  1-0

[Event "Karl-Marx-Stadt"]
[Site "Karl-Marx-Stadt"]
[Date "1990.??.??"]
[Round "?"]
[White "Womacka, Mathias"]
[Black "Saltaev, Mihail"]
[Result "0-1"]
[WhiteElo "2405"]
[BlackElo "2430"]

1.e4 c5 2.Nf3 e6 3.d4 cxd4 4.Nxd4 Nc6 5.Nc3 d6 6.Be2 Nf6 7.Be3 Bd7 8.Nb3 a6
9.a4 Na5 10.Nd2 Qc7 11.O-O Be7 12.f4 O-O 13.Kh1 Rab8 14.Bd3 Nc6 15.Nb3 Nb4
16.a5 Nxd3 17.cxd3 Rbc8 18.Qd2 Bc6 19.Nd4 d5 20.e5 Ng4 21.Bg1 Nh6 22.Rfc1 Bb4
23.Qd1 Qd7 24.Nce2 Be7 25.Nxc6 bxc6 26.Qa4 Qb7 27.Rc2 c5 28.Rac1 d4 29.Ng3 g5
30.fxg5 Bxg5 31.Rf1 Qd5 32.Re2 c4 33.Re4 f5 34.Rxd4 Qxe5 35.Rxc4 Rcd8 36.Rc6 Rf6
37.Qc4 Ng4 38.Rc8 Rh6 39.Rxd8+ Bxd8  0-1

[Event "Balkaniad"]
[Site "Kavala"]
[Date "1990.??.??"]
[Round "1"]
[White "Marin Ionescu, Luiza"]
[Black "Giaidzi, Aspasia"]
[Result "1/2-1/2"]
[WhiteElo "2085"]
[BlackElo "2035"]

1.e4 c5 2.Nf3 Nc6 3.Nc3 e6 4.d4 cxd4 5.Nxd4 Nf6 6.Nxc6 bxc6 7.e5 Nd5 8.Ne4 Qc7
9.f4 Qb6 10.c4 Ne3 11.Qd3 Nxf1 12.Kxf1 Be7 13.b3 O-O 14.Be3 Qc7 15.Rd1 a5
16.h4 a4 17.h5 axb3 18.axb3 Ra2 19.Rh3 f6 20.exf6 Bxf6 21.Nd6 Be5 22.Nxc8 Qxc8
23.Rf3 Bf6 24.Qxd7 Qxd7 25.Rxd7 Rb8 26.Bc5 Rb2 27.Rc7 Rd8 28.Kg1 e5 29.Rxc6 exf4
30.Rd6 Ra8 31.h6 Raa2 32.hxg7 Rxg2+ 33.Kf1 Rh2 34.Rf2 Rhxf2+ 35.Bxf2 Kxg7
36.c5 f3 37.Bd4 Bxd4 38.Rxd4 Rc2 39.b4 Kg6 40.Rf4 Rc3 41.Kf2 h5 42.Rxf3 Rc4
43.Rb3 h4 44.Rb1 Kf6 45.Ke3 Ke6 46.Kd3 Kd5 47.b5  1/2-1/2

[Event "Balkaniad"]
[Site "Kavala"]
[Date "1990.??.??"]
[Round "5"]
[White "Ermenkov, Evgenij"]
[Black "Skembris, Spyridon"]
[Result "1-0"]
[WhiteElo "2465"]
[BlackElo "2455"]

1.e4 c5 2.Nc3 e6 3.Nf3 Nc6 4.d4 cxd4 5.Nxd4 Nf6 6.a3 Qc7 7.Be2 a6 8.f4 d6
9.Be3 Bd7 10.O-O Nxd4 11.Bxd4 Bc6 12.Qd3 Be7 13.Rae1 O-O 14.Kh1 Rac8 15.Qg3 g6
16.f5 e5 17.Be3 Kh8 18.Qh4 Qd8 19.Bg5 Rg8 20.Bg4 Rc7 21.fxg6 Rxg6 22.Bf5 Rg7
23.Bh6 Rg8 24.Be3 Rg7 25.Qh3 Nd7 26.Bh6 Qg8 27.Bxg7+ Qxg7 28.Bxh7  1-0

[Event "URS-Army"]
[Site "Khabarovsk"]
[Date "1990.??.??"]
[Round "?"]
[White "Varavin, Viktor"]
[Black "Gogichaishvili, Giorgi"]
[Result "1/2-1/2"]
[WhiteElo "2300"]
[BlackElo "2310"]

1.e4 c5 2.Nf3 e6 3.d4 cxd4 4.Nxd4 Nc6 5.Nc3 d6 6.Be3 Nf6 7.f3 a6 8.Qd2 Bd7
9.g4 h6 10.O-O-O Qc7 11.Bd3 Nxd4 12.Bxd4 Bc6 13.Qe3 Nd7 14.Nd5 Bxd5 15.exd5 e5
16.f4 Be7 17.Rhe1 O-O-O 18.Qf2 Bf6 19.fxe5 Bxe5 20.Ba7 Qa5 21.Bf5 g6 22.Rxe5 dxe5
23.Rd3 gxf5 24.Rc3+ Qxc3 25.bxc3 Kc7 26.Qe2 Kd6 27.gxf5 Rc8 28.Qh5 Rh7 29.Qh4 b5
30.a4 f6 31.axb5 axb5 32.Qb4+ Kxd5 33.Qxb5+ Kd6 34.Qb4+ Kc7 35.c4 Ra8 36.Bc5 Ra6
37.Qb5 Nxc5 38.Qxc5+ Kb7 39.Kd2 Rc7 40.Qd5+ Rac6 41.Ke3 Ka7 42.Qa5+ Kb7 43.Qb4+ Rb6
44.Qa4 Rbc6 45.Qb4+ Rb6 46.Qf8 Rxc4 47.Qxh6 Rxc2 48.h4 Rc3+ 49.Kd2 Rh3 50.Qg7+ Ka6
51.Qg4  1/2-1/2

[Event "URS-Trade Union"]
[Site "Kherson"]
[Date "1990.??.??"]
[Round "?"]
[White "Zhelnin, Vladimir V"]
[Black "Maljutin, Evgeni"]
[Result "1-0"]
[WhiteElo "2335"]
[BlackElo "2385"]

1.e4 c5 2.Nc3 e6 3.Nge2 Nc6 4.d4 cxd4 5.Nxd4 Nf6 6.Bg5 Qb6 7.Nb3 Be7 8.Bd3 a6
9.O-O O-O 10.Kh1 Nb4 11.e5 Nfd5 12.Nxd5 Nxd5 13.Bxe7 Nxe7 14.f4 Rd8 15.Qh5 Ng6
16.Rf3 Qb4 17.Raf1 d5 18.Rh3 h6 19.Bxg6 fxg6 20.Qxg6 Kf8 21.f5 Qb5 22.Rhf3 exf5
23.e6  1-0

[Event "URS-Trade Union"]
[Site "Kherson"]
[Date "1990.??.??"]
[Round "?"]
[White "Zhelnin, Vladimir V"]
[Black "Verdihanov, Vladislav"]
[Result "1-0"]
[WhiteElo "2335"]
[BlackElo "2350"]

1.e4 c5 2.Nc3 Nc6 3.Nge2 e6 4.d4 cxd4 5.Nxd4 Nf6 6.Bf4 d6 7.Bg3 Be7 8.Be2 O-O
9.O-O e5 10.Nb3 Be6 11.f4 exf4 12.Bxf4 d5 13.e5 Nd7 14.Nxd5 Ndxe5 15.Nxe7+ Qxe7
16.Qd2 Rad8 17.Qe3 Nc4 18.Qc3 b5 19.Rae1 a5 20.Kh1 a4 21.Bxc4 bxc4 22.Nd2 Qb4
23.Qg3 Ne7 24.a3 Qb7 25.Be5 Ng6 26.Bc3 Rfe8 27.h4 Qb5 28.Re4 h5 29.Rfe1 Rb8
30.Rxe6  1-0

[Event "JUG-ch (Women)"]
[Site "Kladovo"]
[Date "1990.??.??"]
[Round "?"]
[White "Vuksanovic, Sanja"]
[Black "Micic, Snezana"]
[Result "1-0"]
[WhiteElo "2160"]
[BlackElo "2120"]

1.e4 c5 2.Nf3 e6 3.d4 cxd4 4.Nxd4 Nc6 5.Nc3 d6 6.g3 Qc7 7.Bg2 Bd7 8.O-O Be7
9.Nb3 Rc8 10.Be3 Nf6 11.f4 h5 12.h3 Kf8 13.Qd2 Na5 14.Nxa5 Qxa5 15.Rad1 Bc6
16.a3 a6 17.Qf2 Qc7 18.Bb6 Qb8 19.Qd4 Nd7 20.Ba5 b6 21.Bb4 Nc5 22.Ne2 Rd8
23.Bc3 Bf6 24.Qe3 Bxc3 25.Nxc3 Qb7 26.Bf3 Rh6 27.Kh2 Qc7 28.Rd2 Ke7 29.Qe2 h4
30.g4 d5 31.e5 Ne4 32.Bxe4 dxe4 33.Rxd8 Qxd8 34.Qxa6 Qd2+ 35.Qe2 Qxe2+ 36.Nxe2 Rh8
37.Nd4 Bb7 38.Kg1 Rd8 39.c3 Bd5 40.Kf2 Rc8 41.Ke3 Rg8 42.Rf2 g5 43.f5 exf5
44.Rxf5 Rg6 45.Nb5 Bc4 46.Nd6 Be6 47.Rf2 f6 48.Nf5+ Bxf5 49.Rxf5 fxe5 50.Rxe5+ Kd6
51.Kxe4  1-0

[Event "JUG-sf"]
[Site "Kladovo"]
[Date "1990.??.??"]
[Round "3"]
[White "Ademi, Sami"]
[Black "Gostisa, Leon"]
[Result "1/2-1/2"]
[WhiteElo "2240"]
[BlackElo "2370"]

1.e4 c5 2.Nf3 Nc6 3.Nc3 e6 4.d4 cxd4 5.Nxd4 d6 6.Be3 Nf6 7.Bc4 a6 8.Bb3 Qc7
9.Qe2 Na5 10.O-O-O b5 11.g4 Nxb3+ 12.axb3 b4 13.Na4 Bb7 14.f3 Rc8 15.g5 Nd7
16.h4 Nc5 17.Kb1  1/2-1/2

[Event "JUG-sf"]
[Site "Kladovo"]
[Date "1990.??.??"]
[Round "3"]
[White "Miljanic, Boro"]
[Black "Vlahovic, Svetozar"]
[Result "1/2-1/2"]
[WhiteElo "2385"]
[BlackElo "2290"]

1.e4 c5 2.Nf3 e6 3.d4 cxd4 4.Nxd4 Nc6 5.Nc3 Nf6 6.Be2 Bb4 7.O-O O-O 8.Qd3 d5
9.Nxc6 bxc6 10.e5 Nd7 11.Qg3 Kh8 12.Bd3 f5 13.exf6 Nxf6 14.Bg5 Bd6 15.Qh4 Qc7
16.f4 Ba6 17.Bxa6 Qb6+ 18.Kh1 Qxa6 19.Rf3 Rf7 20.Re1  1/2-1/2

[Event "JUG-sf"]
[Site "Kladovo"]
[Date "1990.??.??"]
[Round "3"]
[White "Stanojoski, Zvonko"]
[Black "Stefanovski, Dusko"]
[Result "1-0"]
[WhiteElo "2310"]
[BlackElo "2315"]

1.e4 c5 2.Nf3 e6 3.d4 cxd4 4.Nxd4 Nc6 5.Nc3 a6 6.Be2 Qc7 7.O-O Nf6 8.a4 Bb4
9.Nxc6 bxc6 10.Qd4 Bd6 11.f4 e5 12.Qf2 O-O 13.f5 Bb4 14.Qh4 d5 15.Bd3 Be7
16.Qg3 Kh8 17.Kh1 Bb7 18.Bg5 d4 19.Nd1 c5 20.Bxf6 Bxf6 21.b3 Qe7 22.Nb2 a5
23.Qe1 Qc7 24.Rd1 Bc8 25.Bc4  1-0

[Event "JUG-sf"]
[Site "Kladovo"]
[Date "1990.??.??"]
[Round "5"]
[White "Laketic, Gojko"]
[Black "Paunovic, Dragan"]
[Result "1/2-1/2"]
[WhiteElo "2425"]
[BlackElo "2450"]

1.e4 c5 2.Nf3 Nc6 3.d4 cxd4 4.Nxd4 e6 5.Nc3 Qc7 6.Be3 a6 7.Bd3 Nf6 8.O-O Ne5
9.h3 d6 10.f4 Ng6  1/2-1/2

[Event "JUG-sf"]
[Site "Kladovo"]
[Date "1990.??.??"]
[Round "7"]
[White "Ademi, Sami"]
[Black "Popov, Sinisa"]
[Result "1-0"]
[WhiteElo "2240"]
[BlackElo "2290"]

1.e4 c5 2.Nc3 Nc6 3.Nge2 e6 4.d4 cxd4 5.Nxd4 a6 6.Bc4 Qc7 7.Bb3 Nf6 8.Be3 Be7
9.Qe2 O-O 10.g4 Nxd4 11.Bxd4 d6 12.g5 Nd7 13.h4 Nc5 14.O-O-O b5 15.Rhg1 b4
16.Na4 Bd7 17.Bxc5 Bb5 18.Bb6 Qc6 19.Qg4 Bxa4 20.Bxa4 Qxb6 21.Rg2 Rac8 22.Kb1 Rc4
23.Qf3 Rd4 24.Rdg1 Qa5 25.Bb3 Qe5 26.Rg4 Rc8 27.h5 a5 28.Qe3 Qc5 29.R4g3 Qe5
30.Re1 d5 31.exd5 Qxe3 32.fxe3 Re4 33.Rf1 a4 34.Bxa4 exd5 35.Bb3 Re5 36.g6 hxg6
37.hxg6 fxg6 38.e4 g5 39.Bxd5+ Rxd5 40.exd5 Kh7 41.Re1 Bf6 42.d6 Rd8 43.Rd3 Rd7
44.Re4  1-0

[Event "JUG-sf"]
[Site "Kladovo"]
[Date "1990.??.??"]
[Round "12"]
[White "Ademi, Sami"]
[Black "Stefanovski, Dusko"]
[Result "1/2-1/2"]
[WhiteElo "2240"]
[BlackElo "2315"]

1.e4 c5 2.Nc3 e6 3.Nge2 Nc6 4.d4 cxd4 5.Nxd4 a6 6.Bc4 Qc7 7.Bb3 Nf6 8.Be3 b5
9.Qe2 Bb7 10.O-O-O Be7 11.f3 Ne5 12.g4 Bb4 13.g5 Ng8 14.f4 Bxc3 15.fxe5 Bb4
16.Bf4 Ne7 17.Bg3 Qb6 18.Rhf1 Nc6 19.c3 Bc5 20.Qd3 O-O 21.h4 b4 22.Nxc6 Qxc6
23.cxb4 Bxb4+ 24.Bc2 Rac8 25.Kb1 Qxc2+ 26.Qxc2 Rxc2 27.Kxc2 Bxe4+ 28.Kb3 Rb8
29.Kc4 Bc6 30.Rf4 Ba5 31.b3 Rc8 32.Kd3 Bb5+ 33.Ke4 Rc2 34.Rf2 Bc6+ 35.Kf4 Rc3
36.Kg4 Bb6 37.Rf4 Bb5 38.Re1 Rc2 39.a4 Bc6 40.Ref1 Bg2 41.Rxf7 Bxf1 42.Rxf1 Rc3
43.Rf3 Rxf3 44.Kxf3 g6 45.b4 Kf7 46.Bf2 Bc7 47.Ke4 Ke8 48.Bc5 Kd8 49.Kd4 Kc8
50.Bd6 Bb6+ 51.Bc5 Bd8 52.Kc4 Kb7 53.b5 Ba5 54.Bb4 axb5+ 55.Kxb5 Bd8 56.a5 Bc7
57.Bc3 Bb8 58.a6+ Ka7 59.Bd4+ Ka8 60.Kc4 Bc7 61.Kb5 Kb8 62.Bc3 Ka8 63.Bb2 Bb8
64.Kb6 d6 65.a7 Bxa7+ 66.Kc6 dxe5 67.Bxe5 Bf2 68.Kd6 Bxh4 69.Bf4 Kb7 70.Kxe6 Kc6
71.Kf6 Kd7 72.Kg7 Ke6 73.Kxh7 Kf5 74.Kh6  1/2-1/2

[Event "POL-ch (Women)"]
[Site "Konin"]
[Date "1990.??.??"]
[Round "1"]
[White "Wiese Jozwiak, Malgorzata"]
[Black "Pilarska, Czeslawa"]
[Result "1/2-1/2"]
[WhiteElo "2225"]
[BlackElo "2050"]

1.e4 c5 2.Nf3 e6 3.d4 cxd4 4.Nxd4 Nc6 5.Nc3 d6 6.Be2 Nf6 7.Be3 Be7 8.O-O O-O
9.f4 a6 10.a4 Qc7 11.Kh1 Re8 12.Bf3 Rb8 13.Qd2 Nxd4 14.Bxd4 e5 15.Ba7 Ra8
16.Be3 exf4 17.Bxf4 Be6 18.Rfd1 Rad8 19.a5 Ng4 20.Bxg4 Bxg4 21.Nd5 Qc6 22.Re1 Bf8
23.b3 Re6 24.Ra4 Rg6 25.Rc4 Qb5 26.Qb4 Qxb4 27.Rxb4 Rd7 28.Rc4 Re6 29.Bg3 Re8
30.Bh4 Be6 31.Rd1 f5 32.exf5 Bxf5 33.Kg1 Re4 34.Rxe4 Bxe4 35.c4 Bc2 36.Re1 Bxb3
37.Re8  1/2-1/2

[Event "POL-ch (Women)"]
[Site "Konin"]
[Date "1990.??.??"]
[Round "2"]
[White "Dabrowska, Krystyna"]
[Black "Erenska Radzewska, Hanna"]
[Result "1-0"]
[WhiteElo "2160"]
[BlackElo "2270"]

1.e4 c5 2.Nf3 e6 3.d4 cxd4 4.Nxd4 Nc6 5.Nc3 a6 6.g3 Nge7 7.Be3 Ng6 8.Qe2 Bb4
9.f4 d5 10.Bg2 O-O 11.O-O Bxc3 12.bxc3 Qa5 13.Nxc6 bxc6 14.c4 Rb8 15.cxd5 cxd5
16.exd5 Ne7 17.dxe6 Bxe6 18.c4 Nf5 19.Bf2 Rfd8 20.Rfd1 Rxd1+ 21.Rxd1 Ne7
22.Bf3 Rc8 23.c5 h5 24.Bxh5 Qxa2 25.Qe5 Nc6 26.Qd6 Nb4 27.Bf3 Qc2 28.Qd4 a5
29.Be4 Nc6 30.Bxc2 Nxd4 31.Bxd4 f5 32.Bf2 Ra8 33.Ra1 Kf7 34.Be1 a4 35.Rxa4 Rb8
36.Bf2 Rb2 37.Bd3 Rb3 38.Bc4 Bxc4 39.Rxc4 Rb1+ 40.Kg2 Ke8 41.c6 Kd8 42.c7+ Kc8
43.Bd4 g6 44.Be5 Rd1 45.Rc2 Rd5 46.Rb2 Kd7 47.Rb8 Rd2+ 48.Kf3  1-0

[Event "POL-ch (Women)"]
[Site "Konin"]
[Date "1990.??.??"]
[Round "6"]
[White "Wiese Jozwiak, Malgorzata"]
[Black "Erenska Radzewska, Hanna"]
[Result "1-0"]
[WhiteElo "2225"]
[BlackElo "2270"]

1.e4 c5 2.Nf3 e6 3.d4 cxd4 4.Nxd4 Nc6 5.Nc3 a6 6.Nxc6 bxc6 7.e5 Qc7 8.f4 d5
9.exd6 Bxd6 10.Qg4 f5 11.Qh5+ g6 12.Qh4 Be7 13.Qf2 Nf6 14.Bd2 O-O 15.Bc4 Bd6
16.O-O-O a5 17.Rhe1 Nd5 18.Bxd5 exd5 19.Qd4 Qg7 20.Qxg7+ Kxg7 21.Na4 Kf7
22.g3 h6 23.Be3 Re8 24.Bc5 Rxe1 25.Rxe1 Bxc5 26.Nxc5 a4 27.Nd3 Ra6 28.Kd2 g5
29.Kc3 gxf4 30.gxf4 Rb6 31.b4 axb3 32.axb3 Ra6 33.b4 Ra3+ 34.Kb2 Ra6 35.Kb3 Rb6
36.Nc5 Ba6 37.Re5 Bc8 38.Kc3 Rb8 39.Re1 Ra8 40.Kd4 Ra2 41.Re2 Rb2 42.Nd3 Rb1
43.Kc5 Ba6 44.Re1 Rxe1 45.Nxe1 Bb5 46.Nf3 Kg6 47.Ne5+ Kh5 48.Nxc6 Ba4 49.b5  1-0

[Event "POL-ch (Women)"]
[Site "Konin"]
[Date "1990.??.??"]
[Round "8"]
[White "Leszner, Liliana"]
[Black "Erenska Radzewska, Hanna"]
[Result "1/2-1/2"]
[WhiteElo "2175"]
[BlackElo "2270"]

1.e4 c5 2.Nf3 e6 3.d4 cxd4 4.Nxd4 Nc6 5.Nc3 Qc7 6.Be2 a6 7.O-O Nf6 8.Be3 Be7
9.f4 d6 10.Qe1 O-O 11.Qg3 Nxd4 12.Bxd4 b5 13.Bd3 Bb7 14.Kh1 b4 15.e5 Nh5
16.Qg4 g6 17.Ne4 Bxe4 18.Bxe4 d5 19.Bd3 Bc5 20.Bxc5 Qxc5 21.Rad1 Ng7 22.Qf3 a5
23.g4 f6 24.exf6 Rxf6 25.Qg3 Raf8 26.Rde1 Qd4 27.c3 bxc3 28.bxc3 Qxc3 29.Re5 Qd4
30.f5 exf5 31.gxf5 Kh8 32.Re7 Nxf5 33.Bxf5 Rxf5 34.Rxf5 gxf5 35.Qc7 Qd1+
36.Kg2 Qg4+ 37.Kf2 Qh4+ 38.Ke2 Qg4+ 39.Kd3 Kg8 40.Rxh7 Qc4+ 41.Kd2 Qxa2+
42.Kc1 Qg2 43.Re7 Qg5+ 44.Kd1 f4 45.Qd7 Qh5+ 46.Ke1 Qf5 47.Qxf5 Rxf5 48.Ra7 d4
49.Rd7 Kf8 50.Rxd4 Ke7 51.Kf2 f3 52.h4 Ke6 53.h5 Rxh5 54.Kxf3 Ke5 55.Rd8 Rh3+
56.Ke2 a4 57.Kd2 a3 58.Kc2 Rh1 59.Ra8 Rh3 60.Kb1 Kd4 61.Ka2 Kc4 62.Ra4+ Kb5  1/2-1/2

[Event "POL-ch (Women)"]
[Site "Konin"]
[Date "1990.??.??"]
[Round "11"]
[White "Erenska Radzewska, Hanna"]
[Black "Pilarska, Czeslawa"]
[Result "0-1"]
[WhiteElo "2270"]
[BlackElo "2050"]

1.e4 c5 2.Nf3 e6 3.d4 cxd4 4.Nxd4 Nc6 5.Nc3 d6 6.Be2 Nf6 7.O-O Be7 8.Be3 a6
9.f4 Qc7 10.Bf3 O-O 11.Nxc6 bxc6 12.Na4 d5 13.e5 Nd7 14.c4 Rb8 15.Rc1 Qa5
16.b3 Nc5 17.Nxc5 Bxc5 18.Bxc5 Qxc5+ 19.Kh1 d4 20.Be4 f5 21.exf6 Rxf6 22.Qd3 Rh6
23.h3 Bb7 24.f5 e5 25.Qd2 Rf8 26.b4 Qe7 27.c5 Bc8 28.Rf3 Qh4 29.Qd3 Rhf6
30.Rcf1 Qh5 31.g4 Qg5 32.Kg2 h5 33.Rg3 hxg4 34.hxg4 Rh6 35.Qc4+ Be6 36.Qe2 Qh4
37.Kf3 Rg6 38.Qg2 Bxf5 39.gxf5 Qf4+ 40.Ke2 Rxg3 41.Rxf4 Rxg2+ 42.Bxg2 exf4
43.Bxc6 Rxf5 44.Bb7 d3+ 45.Kxd3 f3 46.Bxa6 f2 47.Ke4 f1=Q 48.Bxf1 Rxf1 49.b5 Kf8
50.b6 Ke8 51.a4 Kd7 52.a5 Ra1  0-1

[Event "Kuala Lumpur zt"]
[Site "Kuala Lumpur"]
[Date "1990.??.??"]
[Round "?"]
[White "Abdullah, M."]
[Black "Ye Jiangchuan"]
[Result "0-1"]
[WhiteElo "2240"]
[BlackElo "2530"]

1.e4 c5 2.Nf3 e6 3.d4 cxd4 4.Nxd4 Nc6 5.Nc3 d6 6.Bc4 Nf6 7.Bb3 a6 8.O-O Be7
9.Kh1 O-O 10.f4 d5 11.exd5 exd5 12.Be3 Na5 13.Qd3 Re8 14.Rad1 Bf8 15.Nf3 Nxb3
16.axb3 Bg4 17.h3 Bxf3 18.Rxf3 Rc8 19.Nxd5 Qxd5 20.Qxd5 Nxd5 21.Rxd5 Rxc2
22.Rd2 Rc1+ 23.Kh2 Rb1 24.g4 g6 25.Bd4 Rd8 26.Rfd3 Bg7 27.Bxg7 Rxd3 28.Rxd3 Kxg7
29.Rd2 Re1 30.Rd3 Re2+ 31.Kg3 Rxb2 32.Kf3 Kf8 33.Rc3 Ke8 34.Ke4 Re2+ 35.Kd5 Kd7
36.Rf3 f6 37.Rc3 Rd2+ 38.Ke4 Kd6 39.Rc8 Rb2 40.Rd8+ Ke6 41.f5+ gxf5+ 42.gxf5+ Ke7
43.Rd3 Re2+ 44.Kf4 Rc2 45.Kg4 Rg2+ 46.Kf4 Rf2+ 47.Kg4 h5+ 48.Kxh5 Rxf5+ 49.Kg4 Rg5+
50.Kf4 Rb5 51.Re3+ Kf7 52.Rg3 a5 53.Rc3 b6 54.Re3 Kg6 55.Rg3+ Rg5 56.Rd3 Rf5+
57.Kg4 Rb5 58.Rf3 Rb4+ 59.Kg3 Kg5 60.Rc3 Rd4 61.Kf2 f5 62.Rg3+ Kf4 63.Rf3+ Ke5
64.Kg3 f4+ 65.Kg4 Rd1 66.h4 Rg1+ 67.Kh3 Ke4 68.Rc3 f3 69.Rc4+ Kd3  0-1